| 000 | 01007nam a22002057a 4500 | ||
|---|---|---|---|
| 008 | 110519s2009 su|||||r|||| 000 0 ara d | ||
| 020 | _a9786000209865 | ||
| 082 |
_222 _a158.1 _bر ي ا |
||
| 100 |
_923923 _aريان، م. ج |
||
| 245 |
_aهذا العام سوف أقوم ... : _bكيف تغير إحدى عاداتك أخيرا، أو كيف تلتزم بقراراتك، أو كيف تحقق حلمك ... / _c ترجمة مكتبة جرير؛ م. ج. ريان |
||
| 260 |
_aالرياض : _bمكتبة جرير، 2009 _c2009 |
||
| 300 |
_a265 ص ؛ _b20 سم |
||
| 650 |
_923916 _aالنجاح الشخصي |
||
| 650 |
_923924 _aالعادة (علم نفس) |
||
| 650 |
_923925 _aالسلوك (علم النفس) |
||
| 653 |
_bGeneral _cMay2011 |
||
| 710 |
_923926 _aمكتبة جرير |
||
| 942 |
_2ddc _cBB |
||
| 999 |
_c15324 _d15324 |
||